[Event "Main Vogelsberg op 17th"]
[Site "Waechtersbach"]
[Date "2023.09.30"]
[Round "2"]
[White "Noble, Alexander"]
[Black "Blank, Stefan"]
[Result "1-0"]
[WhiteElo "1921"]
[BlackElo "1676"]
[PlyCount "61"]
[EventDate "2023.09.30"]
[EventType "swiss"]
[EventRounds "7"]
[EventCountry "GER"]
[SourceTitle "EXT 2025"]
[Source "ChessBase"]
[SourceDate "2024.10.14"]
[SourceVersion "1"]
[SourceVersionDate "2024.10.14"]
[SourceQuality "1"]
[WhiteTeam "Schachdrachen Buedingen Waechtersbach"]
[BlackTeam "SC Sulzbach"]

1. d4 Nf6 2. c4 c5 3. dxc5 Qa5+ 4. Nc3 Qxc5 5. e4 d6 6. Be3 Qa5 7. f3 g6 8. Qd2 Bg7 9. Nge2 0-0 10. Nd4 a6 11. Be2 Bd7 12. 0-0 Qc7 13. Rac1 Nc6 14. Nd5 Qd8 15. Nxc6 bxc6 16. Bb6 Qb8 17. Nxe7+ Kh8 18. c5 dxc5 19. Bxc5 Rd8 20. Qb4 a5 21. Qa3 Nh5 22. Rc2 Qb7 23. Rd1 Nf4 24. Bf1 Ne6 25. Bd6 Be8 26. Rcd2 Qb6+ 27. Kh1 c5 28. Bc4 Bd4 29. Rxd4 cxd4 30. Be5+ Ng7 31. Nxg6+ 1-0

[Event "Schweinfurt op 29th"]
[Site "Schweinfurt"]
[Date "2019.06.23"]
[Round "7"]
[White "Blank, Stefan"]
[Black "Wiener, Horst"]
[Result "1-0"]
[WhiteElo "1752"]
[BlackElo "1943"]
[PlyCount "139"]
[EventDate "2019.06.20"]
[EventType "swiss"]
[EventRounds "7"]
[EventCountry "GER"]
[SourceTitle "CBM 191 Extra"]
[Source "ChessBase"]
[SourceDate "2019.09.30"]
[SourceVersion "1"]
[SourceVersionDate "2019.09.30"]
[SourceQuality "1"]

1. e4 d6 2. d4 Nf6 3. f3 g6 4. c4 Bg7 5. Nc3 0-0 6. Be3 Nbd7 7. Qd2 e6 8. g4 c5 9. Nb5 Ne8 10. dxc5 dxc5 11. Bxc5 Qh4+ 12. Bf2 Qf6 13. Bd4 Qh4+ 14. Qf2 Qxf2+ 15. Kxf2 a6 16. Bxg7 Kxg7 17. Nc3 Ne5 18. Rd1 Nc7 19. Be2 g5 20. Nh3 h6 21. f4 gxf4 22. Nxf4 Bd7 23. b3 Bc6 24. Rhg1 f6 25. Ke3 Kf7 26. Nd3 Nxd3 27. Rxd3 Rg8 28. Rgd1 Ke7 29. Bf3 Rg5 30. b4 Re5 31. h4 Rg8 32. Kf4 Rf8 33. Ne2 Ba4 34. R1d2 Rc8 35. Nc3 Be8 36. Rd6 b5 37. c5 a5 38. a3 Ra8 39. Ra2 axb4 40. axb4 Rxa2 41. Nxa2 Bd7 42. Rb6 Kd8 43. Rb8+ Bc8 44. Nc1 Na6 45. Rxb5 Bd7 46. Rb6 Nxc5 47. bxc5 Rxc5 48. Nd3 Rc3 49. Be2 Kc7 50. Rb1 e5+ 51. Ke3 Kd6 52. Kd2 Ra3 53. Rb6+ Ke7 54. Rb7 Kd6 55. Rb6+ Ke7 56. Nc5 Ra2+ 57. Ke3 Ra3+ 58. Rb3 Ra7 59. Rb7 Rxb7 60. Nxb7 Bc6 61. Na5 Ba4 62. Nc4 Be8 63. Nb6 Bc6 64. Nd5+ Kf7 65. Bc4 Kg7 66. Ne7 Bd7 67. Nf5+ Kh7 68. Bf7 Bxf5 69. gxf5 Kg7 70. Bg6 1-0

[Event "Heusenstamm Sparkassen op-A 5th"]
[Site "Heusenstamm"]
[Date "2018.11.24"]
[Round "4"]
[White "Blank, Stefan"]
[Black "Seifert, Norbert"]
[Result "0-1"]
[WhiteElo "1768"]
[BlackElo "1957"]
[PlyCount "124"]
[EventDate "2018.11.22"]
[EventType "swiss"]
[EventRounds "7"]
[EventCountry "GER"]
[SourceTitle "CBM 188 Extra"]
[Source "ChessBase"]
[SourceDate "2019.02.28"]
[SourceVersion "1"]
[SourceVersionDate "2019.02.28"]
[SourceQuality "1"]

1. e4 c5 2. Nf3 Nc6 3. g3 g6 4. Bg2 Bg7 5. 0-0 e6 6. d3 Nge7 7. Nbd2 0-0 8. c3 d5 9. Qe2 Rb8 10. h4 b5 11. e5 b4 12. Re1 Qa5 13. c4 Rd8 14. Nf1 b3 15. a3 dxc4 16. dxc4 Nf5 17. Rd1 Ba6 18. Rxd8+ Rxd8 19. Bg5 Rc8 20. Bf6 Qa4 21. Rc1 Ncd4 22. Nxd4 Nxd4 23. Qe3 Nc2 24. Qg5 h6 25. Qg4 Qxc4 26. Qxc4 Bxc4 27. Nd2 Bd3 28. Nxb3 c4 29. Na1 Nxa1 30. Rxa1 Rb8 31. Bf1 Rxb2 32. Rc1 Bf8 33. Bxd3 cxd3 34. Rd1 d2 35. a4 Bb4 36. Bd8 Kf8 37. Kf1 Ke8 38. Bf6 Ra2 39. a5 Rxa5 40. Ke2 Rd5 41. g4 Bc3 42. f4 Kd7 43. h5 a5 44. Bg7 gxh5 45. gxh5 Ke7 46. Bxh6 f6 47. exf6+ Kxf6 48. Bg5+ Kf5 49. Rh1 a4 50. Kd1 Bh8 51. Rh3 e5 52. Bh6 exf4 53. Bf8 Kg4 54. Ra3 f3 55. Rxa4+ Kg3 56. Be7 Bc3 57. Bh4+ Kh3 58. Bf2 Kg2 59. Be3 f2 60. Bxf2 Kxf2 61. Rh4 Re5 62. Rf4+ Kg3 0-1

[Event "Heusenstamm Sparkassen op-A 5th"]
[Site "Heusenstamm"]
[Date "2018.11.24"]
[Round "5"]
[White "Reinecke, Katharina"]
[Black "Blank, Stefan"]
[Result "1-0"]
[WhiteElo "1917"]
[BlackElo "1768"]
[PlyCount "69"]
[EventDate "2018.11.22"]
[EventType "swiss"]
[EventRounds "7"]
[EventCountry "GER"]
[SourceTitle "CBM 188 Extra"]
[Source "ChessBase"]
[SourceDate "2019.02.28"]
[SourceVersion "1"]
[SourceVersionDate "2019.02.28"]
[SourceQuality "1"]

1. d4 Nf6 2. c4 c5 3. Nf3 g6 4. g3 Bg7 5. Bg2 Qa5+ 6. Bd2 Qb6 7. dxc5 Qxc5 8. Qb3 Ne4 9. Be3 Qa5+ 10. Nbd2 0-0 11. 0-0 Nxd2 12. Bxd2 Qc7 13. Bc3 Bxc3 14. Qxc3 d6 15. Nd4 a6 16. Rac1 e5 17. Nc2 a5 18. Na3 Nc6 19. Nb5 Qe7 20. Rfd1 Rd8 21. Rd2 Nb4 22. b3 Be6 23. a3 Nc6 24. Rcd1 Ra6 25. e3 Na7 26. a4 Rc8 27. Nxd6 Rc7 28. Qxe5 Nc6 29. Qb2 Bg4 30. Nb5 Bxd1 31. Nxc7 Qxc7 32. Rxd1 Ra8 33. Qf6 Nd8 34. Qd6 Qc8 35. Qd7 1-0

[Event "Heusenstamm Sparkassen op-A 5th"]
[Site "Heusenstamm"]
[Date "2018.11.23"]
[Round "3"]
[White "Pfeffer, Marko"]
[Black "Blank, Stefan"]
[Result "1-0"]
[WhiteElo "2016"]
[BlackElo "1768"]
[PlyCount "73"]
[EventDate "2018.11.22"]
[EventType "swiss"]
[EventRounds "7"]
[EventCountry "GER"]
[SourceTitle "CBM 188 Extra"]
[Source "ChessBase"]
[SourceDate "2019.02.28"]
[SourceVersion "1"]
[SourceVersionDate "2019.02.28"]
[SourceQuality "1"]

1. d4 Nf6 2. Bg5 Ne4 3. Bf4 d5 4. e3 e6 5. Nd2 Nf6 6. Bd3 b6 7. Qe2 c5 8. c3 Be7 9. Ngf3 0-0 10. Ne5 c4 11. Bc2 Nfd7 12. h4 f6 13. Nef3 b5 14. g4 Nc6 15. e4 a5 16. exd5 Nce5 17. dxe5 fxe5 18. Bxe5 Nxe5 19. Qxe5 exd5 20. Qg3 Bd6 21. Qg2 Qe7+ 22. Kf1 Bb7 23. Re1 Qd7 24. Nd4 Rae8 25. Rxe8 Rxe8 26. Rh3 Bf4 27. N2f3 Qe7 28. Bf5 b4 29. g5 Bd2 30. Be6+ Kh8 31. Nxd2 bxc3 32. bxc3 Qa3 33. Re3 Qc1+ 34. Ke2 Qb2 35. Qf3 Qb6 36. Bxd5 Rxe3+ 37. fxe3 1-0

[Event "Unterfranken-ch69 M1"]
[Site "Schweinfurt"]
[Date "2018.04.02"]
[Round "1"]
[White "Blank, Stefan"]
[Black "Seidens, Udo"]
[Result "0-1"]
[WhiteElo "1779"]
[BlackElo "2173"]
[PlyCount "77"]
[EventDate "2018.04.02"]
[EventType "tourn"]
[EventRounds "9"]
[EventCountry "GER"]
[SourceTitle "EXT 2019"]
[Source "ChessBase"]
[SourceDate "2018.10.10"]
[SourceVersion "1"]
[SourceVersionDate "2018.10.10"]
[SourceQuality "1"]

1. e4 g6 2. d4 Bg7 3. c4 Nc6 4. Be3 e5 5. Nf3 exd4 6. Nxd4 d6 7. Nxc6 bxc6 8. Qd2 Nf6 9. f3 0-0 10. Nc3 Re8 11. Be2 Qe7 12. 0-0 Ba6 13. Bg5 Qe5 14. Bf4 Qc5+ 15. Be3 Qb4 16. Rac1 c5 17. b3 Rab8 18. Rfe1 Bc8 19. Bh6 Bh8 20. Bg5 Be6 21. Rc2 Qb7 22. Bxf6 Bxf6 23. Nd5 Bd4+ 24. Kh1 c6 25. Nc3 Qe7 26. Bd3 Qh4 27. g3 Qf6 28. f4 Bh3 29. Nd1 h5 30. Nf2 Bd7 31. Nd1 h4 32. Qg2 Kg7 33. Ne3 Rh8 34. Kg1 hxg3 35. hxg3 Rh3 36. Rf2 Rbh8 37. f5 Qg5 38. Rf3 Qh6 39. Bf1 0-1

[Event "Erfurt HT op 26th"]
[Site "Erfurt"]
[Date "2016.12.28"]
[Round "5"]
[White "Schoenrock, Ruediger"]
[Black "Blank, Stefan"]
[Result "1-0"]
[WhiteElo "2022"]
[BlackElo "1843"]
[PlyCount "107"]
[EventDate "2016.12.26"]
[EventType "swiss"]
[EventRounds "8"]
[EventCountry "GER"]
[SourceTitle "EXT 2018"]
[Source "ChessBase"]
[SourceDate "2017.10.13"]
[SourceVersion "1"]
[SourceVersionDate "2017.10.13"]
[SourceQuality "1"]

1. e4 c5 2. c3 d6 3. d4 Nf6 4. dxc5 dxc5 5. Qxd8+ Kxd8 6. Bc4 e6 7. e5 Nfd7 8. Bg5+ Be7 9. Bxe7+ Kxe7 10. f4 b6 11. Nf3 Na6 12. Nbd2 Nc7 13. Kf2 h6 14. Rhd1 Bb7 15. g3 g5 16. a4 a6 17. Bd3 Rag8 18. Rg1 gxf4 19. gxf4 Rxg1 20. Rxg1 b5 21. axb5 axb5 22. Ra1 Ra8 23. Rxa8 Bxa8 24. Kg3 f5 25. exf6+ Nxf6 26. f5 exf5 27. Bxf5 Kd6 28. c4 Bxf3 29. Kxf3 Ke5 30. Bc2 bxc4 31. Nxc4+ Kd4 32. Nd6 h5 33. Ne4 Nfd5 34. Ng3 Nf6 35. Bg6 Kc4 36. Nxh5 Nxh5 37. Bxh5 Kb3 38. Bf7+ Kxb2 39. h4 Nb5 40. h5 Nd6 41. Bg6 Nb5 42. h6 Nd4+ 43. Kg4 Nc6 44. h7 Ne5+ 45. Kf5 Nxg6 46. Kxg6 c4 47. h8Q+ c3 48. Kf5 Kb3 49. Qb8+ Ka2 50. Qa7+ Kb1 51. Qb6+ Kc1 52. Qe3+ Kb2 53. Qd4 Kc2 54. Ke4 1-0

[Event "Erfurt HT op 26th"]
[Site "Erfurt"]
[Date "2016.12.27"]
[Round "3"]
[White "Blank, Stefan"]
[Black "Werner, Justus"]
[Result "1-0"]
[WhiteElo "1843"]
[BlackElo "1974"]
[PlyCount "89"]
[EventDate "2016.12.26"]
[EventType "swiss"]
[EventRounds "8"]
[EventCountry "GER"]
[SourceTitle "EXT 2018"]
[Source "ChessBase"]
[SourceDate "2017.10.13"]
[SourceVersion "1"]
[SourceVersionDate "2017.10.13"]
[SourceQuality "1"]

1. e4 c5 2. Nf3 d6 3. g3 Nc6 4. Bg2 g6 5. 0-0 Bg7 6. c3 Nf6 7. d3 0-0 8. h3 Bd7 9. Be3 Rb8 10. Kh2 b5 11. Ne1 b4 12. Nd2 Qc7 13. f4 Bc8 14. g4 Ba6 15. g5 Nd7 16. Rc1 bxc3 17. bxc3 Rb2 18. Rc2 Rfb8 19. h4 e6 20. Nb3 Rxc2 21. Qxc2 c4 22. dxc4 Bxc4 23. Rf3 d5 24. e5 Bxb3 25. axb3 Na5 26. b4 Nc4 27. Bd4 Bf8 28. h5 a5 29. hxg6 hxg6 30. Nd3 axb4 31. cxb4 Rc8 32. Qf2 Qb8 33. Rh3 Ncb6 34. Qh4 Bg7 35. Qh7+ Kf8 36. Nf2 Rc4 37. Bc5+ Nxc5 38. bxc5 Nd7 39. Rf3 Rxc5 40. Ng4 Rc2 41. Nf6 Bxf6 42. gxf6 Ke8 43. Rh3 Qb2 44. Qg8+ Nf8 45. Qxf8+ 1-0

[Event "Schweinfurt op 26th"]
[Site "Schweinfurt"]
[Date "2016.05.27"]
[Round "3"]
[White "Blank, Stefan"]
[Black "Scheifele, Paul"]
[Result "1/2-1/2"]
[WhiteElo "1821"]
[BlackElo "1286"]
[PlyCount "109"]
[EventDate "2016.05.26"]
[EventType "swiss"]
[EventRounds "7"]
[EventCountry "GER"]
[SourceTitle "CBM 172 Extra"]
[Source "ChessBase"]
[SourceDate "2016.06.21"]
[SourceVersion "1"]
[SourceVersionDate "2016.06.21"]
[SourceQuality "1"]

1. e4 e5 2. Nf3 Nc6 3. d3 h6 4. Be2 Bc5 5. c3 Nf6 6. 0-0 d6 7. b4 Bb6 8. a4 a5 9. b5 Ne7 10. Qc2 Ng6 11. d4 Qe7 12. Nbd2 Bg4 13. h3 Bxf3 14. Nxf3 exd4 15. Nxd4 0-0 16. Bd3 Rfe8 17. Bb2 c5 18. bxc6 bxc6 19. Nxc6 Qb7 20. Nd4 Nxe4 21. Rfe1 Nf6 22. Nb5 Nh4 23. Bf1 Ne4 24. Nd4 Rab8 25. Ba3 Rbc8 26. Qb2 Rxc3 27. Bxd6 Rc6 28. Rxe4 Rxe4 29. Nxc6 Qxc6 30. Bg3 Nf5 31. Rc1 Qe6 32. Kh2 Nxg3 33. fxg3 Rxa4 34. Bb5 Rb4 35. Qe2 Qxe2 36. Bxe2 a4 37. Bd3 g6 38. Rc8+ Kg7 39. Ra8 Bc5 40. Bc2 Rb2 41. Bxa4 Ra2 42. Bc6 Rxa8 43. Bxa8 Bd6 44. h4 Kf6 45. Kh3 Ke5 46. g4 g5 47. Bc6 Kf4 48. g3+ Ke3 49. Bd7 Kf2 50. hxg5 hxg5 51. Be8 f6 52. Bd7 Bxg3 53. Bf5 Bh4 54. Bc8 Kf3 55. Bf5 1/2-1/2

[Event "Arber op 3rd"]
[Site "Bayerisch Eisenstein"]
[Date "2014.08.23"]
[Round "8"]
[White "Blank, Stefan"]
[Black "Weiland, Thomas"]
[Result "0-1"]
[WhiteElo "1838"]
[BlackElo "1889"]
[PlyCount "118"]
[EventDate "2014.08.16"]
[EventType "swiss"]
[EventRounds "9"]
[EventCountry "GER"]
[SourceTitle "CBM 161 Extra"]
[Source "ChessBase"]
[SourceDate "2014.08.29"]
[SourceVersion "1"]
[SourceVersionDate "2014.08.29"]
[SourceQuality "1"]

1. e4 d5 2. exd5 Nf6 3. Bb5+ Bd7 4. Bc4 Bg4 5. f3 Bf5 6. Nc3 Nbd7 7. Nge2 Nb6 8. Bb3 Nfxd5 9. Nxd5 Nxd5 10. Ng3 Bg6 11. 0-0 e6 12. d4 c6 13. f4 Bd6 14. c4 Ne7 15. Qg4 Qd7 16. Bd2 0-0-0 17. Be3 h5 18. Qf3 h4 19. Ne4 Nf5 20. Nxd6+ Qxd6 21. d5 Nxe3 22. Qxe3 c5 23. dxe6 fxe6 24. Rad1 Qc6 25. Rfe1 Bf5 26. Rxd8+ Rxd8 27. Qf2 Rh8 28. Bd1 Qc7 29. Re5 b6 30. a4 g5 31. a5 Qd6 32. Ba4 h3 33. axb6 axb6 34. g3 Rd8 35. Qf3 Kb8 36. Re1 Qd4+ 37. Qf2 gxf4 38. Qxd4 Rxd4 39. Bb5 fxg3 40. hxg3 Rd2 41. b3 Rg2+ 42. Kh1 Rxg3 43. Ba4 Kc7 44. Kh2 Rg2+ 45. Kh1 Rd2 46. Bb5 Kd6 47. Be8 Rd3 48. Ba4 Bg4 49. Rf1 Rd1 50. Rxd1+ Bxd1 51. Kh2 Bg4 52. Bb5 e5 53. Be8 e4 54. Bg6 Ke5 55. Kg3 e3 56. Bf7 Bf5 57. Bh5 Kd4 58. Be2 Bc2 59. Kxh3 Bxb3 0-1

[Event "Schweinfurt op 24th"]
[Site "Schweinfurt"]
[Date "2014.06.22"]
[Round "6"]
[White "Blank, Stefan"]
[Black "Hartmann, Christian"]
[Result "1-0"]
[WhiteElo "1834"]
[BlackElo "1650"]
[PlyCount "83"]
[EventDate "2014.06.19"]
[EventType "swiss"]
[EventRounds "7"]
[EventCountry "GER"]
[SourceTitle "CBM 161 Extra"]
[Source "ChessBase"]
[SourceDate "2014.08.29"]
[SourceVersion "1"]
[SourceVersionDate "2014.08.29"]
[SourceQuality "1"]

1. e4 e5 2. Nf3 Nc6 3. d3 Nf6 4. Be2 Be7 5. 0-0 0-0 6. Nbd2 d5 7. c3 Re8 8. b4 dxe4 9. dxe4 Bd6 10. Qc2 Qe7 11. a3 Bg4 12. Nb3 Bxf3 13. Bxf3 Nd8 14. c4 c6 15. c5 Bc7 16. Bg5 Ne6 17. Be3 Rad8 18. Rfd1 h6 19. Be2 Rxd1+ 20. Rxd1 Rd8 21. Rxd8+ Qxd8 22. f3 Kf8 23. Bc4 Qd7 24. Kf2 Ke7 25. Ke2 Ke8 26. g3 Ke7 27. Qc3 g5 28. a4 g4 29. Bxh6 gxf3+ 30. Qxf3 Nd4+ 31. Nxd4 Qxd4 32. Bd3 Qxb4 33. Bg5 Qb2+ 34. Kf1 Qa1+ 35. Kg2 Qa2+ 36. Be2 Qe6 37. Qf1 b5 38. axb5 cxb5 39. Bxb5 Qa2+ 40. Be2 Qe6 41. Bc4 Qc6 42. Bd5 1-0

[Event "Schweinfurt op 24th"]
[Site "Schweinfurt"]
[Date "2014.06.21"]
[Round "4"]
[White "Blank, Stefan"]
[Black "Weber, Bernhard"]
[Result "1-0"]
[WhiteElo "1834"]
[BlackElo "1941"]
[PlyCount "73"]
[EventDate "2014.06.19"]
[EventType "swiss"]
[EventRounds "7"]
[EventCountry "GER"]
[SourceTitle "CBM 161 Extra"]
[Source "ChessBase"]
[SourceDate "2014.08.29"]
[SourceVersion "1"]
[SourceVersionDate "2014.08.29"]
[SourceQuality "1"]

1. e4 e6 2. d3 d5 3. Nd2 Nf6 4. Ngf3 Be7 5. c3 0-0 6. g3 c5 7. Bg2 Nc6 8. 0-0 b5 9. e5 Nd7 10. Re1 a5 11. a4 bxa4 12. Rxa4 Ba6 13. c4 Nb6 14. cxd5 Nxd5 15. Ne4 Ndb4 16. Nfg5 Qe8 17. Qh5 h6 18. Nf6+ Bxf6 19. exf6 Bxd3 20. fxg7 Kxg7 21. Ne4 f5 22. Qxh6+ Kg8 23. Nf6+ Rxf6 24. Qxf6 Bc4 25. Qg5+ Kf8 26. Qh4 Bb3 27. Bh6+ Kf7 28. Qh5+ Ke7 29. Bg5+ Kd6 30. Bf4+ e5 31. Qh6+ Kc7 32. Rxb4 axb4 33. Qg7+ Kb6 34. Qf6 Qe6 35. Qxe6 Bxe6 36. Bxe5 Nxe5 37. Bxa8 1-0

[Event "Vellmar op-A 4th"]
[Site "Vellmar"]
[Date "2012.07.27"]
[Round "2"]
[White "Blank, Stefan"]
[Black "Rieke, Theo"]
[Result "1/2-1/2"]
[WhiteElo "1903"]
[BlackElo "2140"]
[PlyCount "110"]
[EventDate "2012.07.26"]
[EventType "swiss"]
[EventRounds "7"]
[EventCountry "GER"]
[SourceTitle "EXT 2014"]
[Source "ChessBase"]
[SourceDate "2013.11.20"]
[SourceVersion "1"]
[SourceVersionDate "2013.11.20"]
[SourceQuality "1"]

1. e4 g6 2. d4 Bg7 3. c4 d6 4. Nc3 Nf6 5. f3 0-0 6. Be3 Nc6 7. Qd2 a6 8. Nge2 Rb8 9. Nf4 e5 10. dxe5 dxe5 11. Qxd8 Rxd8 12. Nfd5 Ne8 13. a3 Nd4 14. 0-0-0 c6 15. Ne7+ Kf8 16. Nxc8 Rbxc8 17. Bxd4 Rxd4 18. Rxd4 exd4 19. Na4 b5 20. Nc5 Nc7 21. b4 Ke8 22. g3 Bf8 23. Nb3 Ne6 24. c5 Rd8 25. Bg2 g5 26. h4 h6 27. hxg5 hxg5 28. Na5 Kd7 29. Rh7 Bg7 30. f4 Rh8 31. Rxh8 Bxh8 32. Bh3 gxf4 33. gxf4 Bg7 34. f5 Bh6+ 35. Kd1 Nf4 36. Bf1 Bg7 37. Kc2 Be5 38. Nb3 Ke7 39. Nd2 f6 40. Nf3 Kf7 41. a4 Ke7 42. axb5 axb5 43. Kd2 Kd7 44. Bd3 Ke7 45. Bc2 Kd7 46. Bb1 Ke7 47. Ba2 Kd7 48. Nh4 Ke7 49. Ng6+ Kd7 50. Bf7 Nh3 51. Be6+ Kd8 52. Ba2 Ke8 53. Bb3 Nf4 54. Nxf4 Bxf4+ 55. Kd3 Be5 1/2-1/2

[Event "Unterfranken-ch M1 63th"]
[Site "Schweinfurt"]
[Date "2012.04.14"]
[Round "9"]
[White "Krauss, Josef"]
[Black "Blank, Stefan"]
[Result "1-0"]
[WhiteElo "2066"]
[BlackElo "1848"]
[PlyCount "87"]
[EventDate "2012.04.09"]
[EventType "swiss"]
[EventRounds "9"]
[EventCountry "GER"]
[SourceTitle "EXT 2015"]
[Source "ChessBase"]
[SourceDate "2014.11.20"]
[SourceVersion "1"]
[SourceVersionDate "2014.11.20"]
[SourceQuality "1"]

1. e4 c5 2. c3 d6 3. d4 cxd4 4. cxd4 g6 5. Nc3 Bg7 6. Be3 Nf6 7. h3 0-0 8. Nf3 b6 9. e5 Ne8 10. Bc4 e6 11. Rc1 a6 12. 0-0 Bb7 13. Bg5 Qd7 14. d5 exd5 15. Nxd5 dxe5 16. Nxb6 Qxd1 17. Rfxd1 Bxf3 18. gxf3 Ra7 19. Nc8 Rc7 20. Ne7+ Kh8 21. Nd5 Rb7 22. Be7 Rg8 23. Ba3 Bf8 24. b4 a5 25. Bb2 f6 26. b5 Rgg7 27. f4 Nd7 28. a4 Nd6 29. Bb3 Ne4 30. Rc8 Rf7 31. Nc7 Nb6 32. Bxf7 Nxc8 33. Bd5 Rxc7 34. Bxe4 Nd6 35. Bd5 exf4 36. Bc6 Kg7 37. Bc3 Nc4 38. Rd4 Ne5 39. Bxa5 Rxc6 40. bxc6 Nf3+ 41. Kh1 Nxd4 42. c7 Nc6 43. c8Q Nxa5 44. Qc7+ 1-0

[Event "Unterfranken-ch M1 63th"]
[Site "Schweinfurt"]
[Date "2012.04.10"]
[Round "2"]
[White "Basel, Matthias"]
[Black "Blank, Stefan"]
[Result "1-0"]
[WhiteElo "2035"]
[BlackElo "1848"]
[PlyCount "77"]
[EventDate "2012.04.09"]
[EventType "swiss"]
[EventRounds "9"]
[EventCountry "GER"]
[SourceTitle "EXT 2015"]
[Source "ChessBase"]
[SourceDate "2014.11.20"]
[SourceVersion "1"]
[SourceVersionDate "2014.11.20"]
[SourceQuality "1"]

1. d4 Nf6 2. Nf3 g6 3. c4 c5 4. Nc3 Bg7 5. e4 cxd4 6. Nxd4 d6 7. Be2 0-0 8. Be3 Nc6 9. 0-0 Bd7 10. f3 Ne8 11. Nxc6 Bxc6 12. Qb3 b6 13. Rfd1 Nc7 14. Rd2 Ne6 15. Rc1 Qc8 16. Qd1 h5 17. Rdc2 Qd7 18. Qd2 Rac8 19. Bf1 Rc7 20. Qf2 Kh7 21. Rd1 Bh6 22. Bxh6 Kxh6 23. e5 Rd8 24. Rcd2 Rcc8 25. Qg3 Qc7 26. exd6 exd6 27. Rxd6 Rxd6 28. Qxd6 Kg7 29. Kf2 Qxd6 30. Rxd6 Kf8 31. Ke3 Ke7 32. Rd2 f5 33. Nd5+ Kf7 34. Nb4 Ke7 35. h4 Bb7 36. b3 a5 37. Nd3 Kf6 38. Nf4 Nxf4 39. Kxf4 1-0

[Event "Unterfranken-ch M1 63th"]
[Site "Schweinfurt"]
[Date "2012.04.09"]
[Round "1"]
[White "Blank, Stefan"]
[Black "Braeutigam, Thomas"]
[Result "0-1"]
[WhiteElo "1848"]
[BlackElo "2019"]
[PlyCount "74"]
[EventDate "2012.04.09"]
[EventType "swiss"]
[EventRounds "9"]
[EventCountry "GER"]
[SourceTitle "EXT 2015"]
[Source "ChessBase"]
[SourceDate "2014.11.20"]
[SourceVersion "1"]
[SourceVersionDate "2014.11.20"]
[SourceQuality "1"]

1. e4 c5 2. Nf3 e6 3. d3 d5 4. Nbd2 Nf6 5. g3 Nc6 6. Bg2 Be7 7. 0-0 0-0 8. c3 b5 9. exd5 exd5 10. c4 Bf5 11. cxb5 Nb4 12. Ne5 Qc7 13. Ndf3 Bd6 14. Re1 c4 15. Bf1 cxd3 16. Bf4 Nc2 17. Rc1 Qb6 18. Nc6 Bxf4 19. gxf4 Ne4 20. Rxe4 dxe4 21. Ne7+ Kh8 22. Nxf5 exf3 23. Qxf3 Qg6+ 24. Ng3 Rad8 25. Rd1 d2 26. f5 Qg5 27. Qc3 Ne1 28. Be2 Rfe8 29. Bh5 Qf4 30. b4 Rd3 31. Qc6 Red8 32. a4 Qxb4 33. a5 Qxa5 34. Bxf7 Nf3+ 35. Kg2 Ne5 36. Qc4 Qb6 37. Qe6 Qb7+ 0-1

[Event "Forchheim op 10th"]
[Site "Forchheim"]
[Date "2011.10.07"]
[Round "1"]
[White "Miller, Eduard"]
[Black "Blank, Stefan"]
[Result "1-0"]
[WhiteElo "2111"]
[BlackElo "1965"]
[PlyCount "89"]
[EventDate "2011.10.07"]
[EventType "swiss"]
[EventRounds "5"]
[EventCountry "GER"]
[SourceTitle "CBM 144 Extra"]
[Source "ChessBase"]
[SourceDate "2011.10.28"]
[SourceVersion "1"]
[SourceVersionDate "2011.10.28"]
[SourceQuality "1"]

1. d4 Nf6 2. c4 c5 3. d5 b5 4. Nf3 g6 5. cxb5 a6 6. b6 d6 7. Nc3 Bg7 8. Nd2 Nbd7 9. e4 0-0 10. a4 Nxb6 11. a5 Nbd7 12. Be2 Ne8 13. 0-0 Nc7 14. f4 f5 15. exf5 Rxf5 16. Bg4 Rf8 17. Nc4 Rb8 18. Qd3 Nf6 19. Bxc8 Qxc8 20. f5 Ng4 21. Bg5 Bd4+ 22. Kh1 Rxf5 23. Bxe7 Qd7 24. Bxd6 Nf2+ 25. Rxf2 Rxf2 26. Bg3 Rf5 27. Nb6 Qf7 28. h3 Re8 29. d6 Na8 30. Nc4 Qe6 31. Kh2 Qd7 32. Rd1 Qf7 33. b3 Bf2 34. Bxf2 Rxf2 35. d7 Qf4+ 36. Qg3 Rd8 37. Ne5 Qxg3+ 38. Kxg3 Rff8 39. Ne4 Nc7 40. Nxc5 Rf5 41. Nc6 Rxc5 42. Nxd8 Rc3+ 43. Kh2 Rxb3 44. Nc6 Ne6 45. Rd6 1-0